000 01399nam0a2200313 4500
001 RU\NLR\bibl\591893
005 20250610141314.0
010 _a5-7487-0869-8
_9150
021 _aRU
_b2004-68019
_93353
035 _a(NLR Aleph) 000583862
090 _a1669934
_c1669934
100 _a20041228d2004 |||y0rusy50 ca
101 0 _arus
102 _aRU
105 _ay |||||||||
200 1 _aСоциальная статистика
_eУчеб. пособие
_fС.В. Бессонова, Ю.А. Блинков
_gГос. образоват. учреждение высш. проф. образования "Кур. гос. мед. ун-т М-ва здравоохранения РФ"
210 _aКурск
_cКГМУ
_d2004
215 _a143 с.
_d20
320 _aБиблиогр.: с. 141-143 (53 назв.)
606 0 _aСоциальная статистика
_jРуководства, пособия и т.п. для высшей школы
_91741646
_3RU\NLR\auth\661075307
606 0 _aСоциальная статистика
_jУчебные издания для высших учебных заведений
_91741646
_3RU\NLR\auth\661075307
686 _aС62я73
700 1 _aБессонова
_bС. В.
_4070
701 1 _aБлинков
_bЮ. А.
_4070
801 0 _aRU
_bNLR
_c20041228
_gPSBO
801 1 _aRU
_bNLR
_c20041228
942 _cBOOK
980 _aNB